1300 1572 1302 1758 1444 1663 1641 1304 1839 1552 1311 1073 1460 1671 1344 1862 1550 1927 1409 1966 1472 1274 1486 1268 1987 1934 1865 1914 1338 1770 1671 1328 1065 1073 1940 1327 1668 1524 1180 1478 1613 1466 1418 1801 1965 1440 1201 1856 1022 1740 1968 1374 1668 1789 1690 1015 1678 1779 1862 1853 1148 1461 1060 1616 1246 1045 1423 1850 1316 1940 1905 1308 1437 1678 1666 1124 1823 1164 1903 1967 1136 1363 1430 1651 1852 1753 1547 1338 1148 1282 1546 1629 1992 1252 1575 1044 1230 1271 1621 BCNSPRNW ULIB Ver.6.0+V

เปลี่ยนเป็นภาษาไทย

Change to English
 แสดงรายละเอียดบรรณานุกรม
  กลับหน้าหลัก

Brief Record : Get Marc (ISO 2709) : E-mail record : QR code < ปิดหน้าต่าง
LEADER : 00000nam 2200000uu 4500
001    13399122128
003     ULIB
008    121228s2545||||th 000 0 tha d
020    ^a9789747074246
099    ^aนว.^bป496ส
100 0  ^aกิ่งฉัตร
245 00 ^aสืบลับรหัสรัก/^cกิ่งฉัตร
250    ^aพิมพ์ครั้งที่ 4
260    ^aกรุงเทพฯ :^bอรุณ,^c2545
300    ^a582 หน้า
945    ^p290^l0^i015937
995    ^aวิภา
999    ^aใช้งานได้ทุกระบบ
รายการนี้ยังไม่มีแท็ก
คุณยังไม่ได้ล็อกอิน คุณสามารถมีกิจกรรมร่วมกับเว็บไซต์ได้ แต่ต้องล็อกอินก่อน ::
  ล็อกอิน

รายการสื่อสารสนเทศ

ลำดับที่ ประเภท เลขเรียก/บาร์โค้ด สถานที่ สถานะ
1. นวนิยาย
นวนิยาย
นว. ป496ส  
  Barcode: 015937
ห้องสมุดวิทยาเขตสวรรค์ประชารักษ์
►นวนิยาย
บนชั้น
  ขอยืม

รายการใกล้เคียง
    ผู้แต่ง [กิ่งฉัตร]

BibComment


ยังไม่เคยถูกคอมเมนท์

คอมเมนท์ทรัพยากรรายการนี้
  คอมเมนท์: สืบลับรหัสรัก กิ..


 Copyright 2026. Bcnsprnw @Library